000 00432nam a2200157Ia 4500
008 231217s9999 xx 000 0 und d
041 _aEnglish
082 _a669.9 HIG
100 _aHiggins, Raymond A
245 0 _aEngineering metallurgy Pt.2: Metallurgical process technology
250 _a2nd ed.
260 _c1974
_bThe english langusge book society
_aLondon
300 _axi+466
650 _aMetallurgy
942 _cAA
999 _c170268
_d170268